000 00540cam a2200193 4500
008 090401t1989 xxu||||| |||| 00| 0 eng d
020 _a1853800007
035 _a(Sirsi) u38876
041 _aeng
050 _a692.5
110 _aChartered Institute of Building
_92134
245 _aCode of estimating practice . Supplement No. 3: management contracting
260 _aAscot,Berks
_bChartered Institute of Building
_c1989
300 _aviii,34p. ; 30cm.
350 _a7
650 _aESTIMATING
942 _n0
948 _c04/03/1997
999 _c90724
_d90724